| 000 | 01214nam a2200349 a 4500 | ||
|---|---|---|---|
| 001 | 000111203 | ||
| 003 | CHAP | ||
| 005 | 20260409124942.0 | ||
| 008 | 150119s2014 mx a fsm |||||||spa d | ||
| 010 | _a107665 | ||
| 011 | _a108637 | ||
| 040 | _cCHAP | ||
| 090 | _aTesis | ||
| 100 | 1 |
_aJácome Rincón, Jesús _9129026 |
|
| 245 | 1 | 0 |
_aCaracterización fisicoquímica de frutos de Perseo schiedeana Nees de la región de Huatusco, Veracruz _h[En línea] _cpor Jesús Jácome Rincón. |
| 260 |
_aChapingo, Méx. : _bEl autor, _c2014. |
||
| 500 | _aPara ver el contenido del material haga clic en la liga | ||
| 502 | _aTesis (M. C. en Ciencia y Tecnología Agroalimentaria) -- UACH. Departamento de Ingeniería Agroindustrial | ||
| 590 |
_aE11695DGD _b10 _c20150130 |
||
| 590 |
_aE11695DGD _b10 _c20150130 |
||
| 590 |
_aE5995AHE _b05 _c20150119 |
||
| 590 |
_aE5995AHE _b05 _c20150119 |
||
| 650 | 1 | 4 |
_aAceite de aguacate. _9418 |
| 650 | 1 | 4 |
_aAntioxidantes _96070 |
| 650 | 1 | 4 |
_aFenoles. _940041 |
| 650 | 1 | 4 |
_aMicroondas. _975518 |
| 650 | 1 | 7 |
_aÁcidos grasos _982385 |
| 856 |
_aFinding aid _uhttp://10.13.5.2/tesis/sist111203.pdf _zTeclea aquí |
||
| 901 | _aBK | ||
| 942 |
_cTESIS _2ddc |
||
| 942 |
_n0 _2ddc |
||
| 999 |
_c107665 _d107665 |
||